Statistics for countries that start with B

Click here to take the quiz!

General Stats

  • This quiz has been taken 43 times
    (11 since last reset)
  • The average score is 12 of 17

Answer Stats

Answer% Correct
Bahrain
82%
Belguim
82%
Belize
82%
Bhutan
82%
Botswana
82%
Barbados
73%
Benin
73%
Bolivia
73%
Bosnia and Herzegovina
73%
Brazil
73%
Burkina Faso
73%
Bahamas
64%
Bangladesh
64%
Bulgaria
64%
Burundi
64%
Belarus
55%
Brunei
55%

Score Distribution

Percentile by Number Answered

Percent of People with Each Score

Your Score History

You have not taken this quiz since the last reset